00488nam a2200169 a 450000100100000000500170001000800410002702000180006804000250008608200170011110000220012824500560015026000460020630000280025249000190028083000190029900003964720201002033645.0130715s2005 sp a 000 0 spa d a9788479278151 aDO-SdBNPbspacBNPHU axxxxxbxxxxx1 aChandelle, René13aEl juego del código da vinci /cRené Chandelle. aBarcelona, :bEdiciones Robinbook,c2005. a160 p. :bil. ;c18 cm.1 aCiencia oculta 0aCiencia oculta